[Event "Sarajevo Bosna op 48th"]
[Site "Sarajevo"]
[Date "2018.05.06"]
[Round "3"]
[White "Sadikovic, Jasmin"]
[Black "Comor, Harun"]
[Result "1-0"]
[WhiteElo "2073"]
[BlackElo "1712"]
[PlyCount "53"]
[EventDate "2018.05.05"]
[EventType "swiss"]
[EventRounds "9"]
[EventCountry "BIH"]
[SourceTitle "CBM 184 Extra"]
[Source "ChessBase"]
[SourceDate "2018.06.28"]
[SourceVersion "1"]
[SourceVersionDate "2018.06.28"]
[SourceQuality "1"]

1. e4 c6 2. d4 d5 3. Nc3 dxe4 4. Nxe4 Bf5 5. Ng3 Bg6 6. Nf3 Nd7 7. Bc4 e6 8. 0-0 Bd6 9. Re1 Ne7 10. Ng5 0-0 11. Qe2 Bxg3 12. hxg3 Nd5 13. c3 h6 14. Nh3 N7f6 15. g4 Qc7 16. g5 hxg5 17. Bxg5 Ne4 18. Bc1 Nef6 19. Bd3 Bxd3 20. Qxd3 Nh7 21. Re4 c5 22. Rh4 g6 23. Ng5 Ndf6 24. Qh3 Nh5 25. Nxh7 Kxh7 26. g4 cxd4 27. gxh5 1-0

[Event "Sarajevo Bosna op 46th"]
[Site "Sarajevo"]
[Date "2016.05.31"]
[Round "5"]
[White "Comor, Harun"]
[Black "Pestek, Elvis"]
[Result "0-1"]
[WhiteElo "1761"]
[BlackElo "2003"]
[PlyCount "36"]
[EventDate "2016.05.28"]
[EventType "swiss"]
[EventRounds "9"]
[EventCountry "BIH"]
[SourceTitle "EXT 2019"]
[Source "ChessBase"]
[SourceDate "2018.10.10"]
[SourceVersion "1"]
[SourceVersionDate "2018.10.10"]
[SourceQuality "1"]

1. e4 e6 2. b3 d5 3. Bb2 Nf6 4. e5 Nfd7 5. d4 c5 6. c3 Nc6 7. Nf3 Be7 8. Bd3 0-0 9. Nbd2 f6 10. exf6 Bxf6 11. h4 e5 12. dxe5 Ndxe5 13. Qc2 Nxd3+ 14. Qxd3 Re8+ 15. Kf1 Bg4 16. h5 Qd7 17. Qc2 Bf5 18. Qd1 Bd3+ 0-1

[Event "Sarajevo Bosna op 46th"]
[Site "Sarajevo"]
[Date "2016.05.29"]
[Round "3"]
[White "Comor, Harun"]
[Black "Fejzic, Danis"]
[Result "1/2-1/2"]
[WhiteElo "1761"]
[BlackElo "1373"]
[PlyCount "36"]
[EventDate "2016.05.28"]
[EventType "swiss"]
[EventRounds "9"]
[EventCountry "BIH"]
[SourceTitle "EXT 2019"]
[Source "ChessBase"]
[SourceDate "2018.10.10"]
[SourceVersion "1"]
[SourceVersionDate "2018.10.10"]
[SourceQuality "1"]

1. e4 c5 2. Nf3 d6 3. d4 cxd4 4. Nxd4 Nf6 5. Nc3 g6 6. f4 Nc6 7. Bd3 Bg7 8. h3 0-0 9. Nb3 Be6 10. g4 a5 11. f5 Bxb3 12. axb3 Qc7 13. Qd2 Ne5 14. Be2 Rab8 15. Rg1 Qd7 16. h4 b5 17. h5 a4 18. hxg6 fxg6 1/2-1/2